Indian Churches of Saint Thomas (Record no. 18158)

MARC details
000 -LEADER
fixed length control field 00503nam a2200217 a 4500
020 ## - INTERNATIONAL STANDARD BOOK NUMBER
ISBN
082 00 - DEWEY DECIMAL CLASSIFICATION NUMBER
Classification number 275.4
Author Cutter MAT
100 ## - MAIN ENTRY--AUTHOR NAME
Author name Mathew, C P
245 ## - TITLE STATEMENT
Title Indian Churches of Saint Thomas
260 ## - PUBLICATION, DISTRIBUTION, ETC. (IMPRINT)
Place of publication Delhi
Name of publisher ISPCK
Year of publication 1967
300 ## - PHYSICAL DESCRIPTION
Number of Pages 168p
500 ## - GENERAL NOTE
General note includes index and biblioraphy
650 ## - SUBJECT ADDED ENTRY--TOPICAL TERM
Topical Term Church-Kerala
942 ## - ADDED ENTRY ELEMENTS (KOHA)
Koha item type Books
Holdings
Home library Current library Date acquired Cost, normal purchase price Full call number Accession Number Koha item type
Henry Martyn Institute Library Henry Martyn Institute Library 11/01/2007 6.00 275.4 MAT 11000574 E-Books
                   Copyright © 2026 | Henry Martyn Institute | Hyderabad | TS-500052 | INDIA | Implemented by hmi.edu.in
Hit-Count:

Powered by Koha